1606 1488 1964 1426 1535 1051 1857 1306 1585 1129 1965 1058 1888 1020 1265 1842 1198 1609 1106 1785 1550 1174 1967 1391 1838 1293 1855 1210 1537 1470 1931 1673 1642 1292 1317 1390 1913 1274 1044 1431 1185 1683 1075 1783 1125 1413 1564 1185 1368 1954 1554 1552 1908 1345 1491 1834 1500 1716 1411 1187 1752 1592 1687 1521 1255 1740 1819 1274 1117 1680 1396 1284 1031 1471 1499 1979 1259 1566 1348 1001 1562 1412 1033 1108 1306 1760 1301 1598 1044 1775 1728 1793 1324 1933 1445 1276 1676 1387 1375 BCNSPRNW ULIB Ver.6.0+V

เปลี่ยนเป็นภาษาไทย

Change to English
 แสดงรายละเอียดบรรณานุกรม
  กลับหน้าหลัก

Brief Record : Get Marc (ISO 2709) : E-mail record : QR code < ปิดหน้าต่าง
LEADER : 00000nam 2200000uu 4500
001    13399112858
003     ULIB
008    110914s2550||||th 000 0 tha d
020    9749471776
090    นว.^bร151ส
100 0  ร่มแก้ว
245 00 สุดแดนหัวใจ ขอฝากหัวใจไว้ที่เธอ/^cร่มแก้ว
250    พิมพ์ครั้งที่ 1
260    กรุงเทพฯ :^bพิมพ์คำ,^c2550
300    318 หน้า
945    ^p200^l0^i14460
995    กัณชพร
999     ^aใช้งานได้ทุกระบบ
รายการนี้ยังไม่มีแท็ก
คุณยังไม่ได้ล็อกอิน คุณสามารถมีกิจกรรมร่วมกับเว็บไซต์ได้ แต่ต้องล็อกอินก่อน ::
  ล็อกอิน

รายการสื่อสารสนเทศ

ลำดับที่ ประเภท เลขเรียก/บาร์โค้ด สถานที่ สถานะ
1. นวนิยาย
นวนิยาย
นว. ร151ส  
  Barcode: 14460
ห้องสมุดวิทยาเขตสวรรค์ประชารักษ์
►นวนิยาย
ถูกยืม กำหนดส่งวันที่ 16 ธันวาคม 2559
  จอง

รายการใกล้เคียง
    ผู้แต่ง [ร่มแก้ว]

BibComment


ยังไม่เคยถูกคอมเมนท์

คอมเมนท์ทรัพยากรรายการนี้
  คอมเมนท์: สุดแดนหัวใจ ขอฝาก..


 Copyright 2026. Bcnsprnw @Library